<?xml version="1.0" encoding="UTF-8"?>
<record
    xmlns:xsi="http://www.w3.org/2001/XMLSchema-instance"
    xsi:schemaLocation="http://www.loc.gov/MARC21/slim http://www.loc.gov/standards/marcxml/schema/MARC21slim.xsd"
    xmlns="http://www.loc.gov/MARC21/slim">

  <leader>05806nam a2200469 a 4500</leader>
  <controlfield tag="001">dia_2612</controlfield>
  <controlfield tag="003">CHAP</controlfield>
  <controlfield tag="005">20250520131859.0</controlfield>
  <controlfield tag="007">ta</controlfield>
  <controlfield tag="008">220117s2003    mx aeo frm    001 0 spa d</controlfield>
  <datafield tag="010" ind1=" " ind2=" ">
    <subfield code="a">173130</subfield>
  </datafield>
  <datafield tag="040" ind1=" " ind2=" ">
    <subfield code="c">CHAP</subfield>
    <subfield code="a">mxchpua</subfield>
  </datafield>
  <datafield tag="041" ind1="0" ind2=" ">
    <subfield code="a">spa</subfield>
    <subfield code="b">eng</subfield>
  </datafield>
  <datafield tag="090" ind1=" " ind2=" ">
    <subfield code="a">Tesis</subfield>
    <subfield code="b">H844</subfield>
    <subfield code="c">2003</subfield>
  </datafield>
  <datafield tag="100" ind1="1" ind2=" ">
    <subfield code="a">Huerta Leonardo, Maricruz</subfield>
  </datafield>
  <datafield tag="245" ind1="1" ind2="0">
    <subfield code="a">Estudio de factibilidad t&#xE9;cnico-econ&#xF3;mico para el establecimiento de una planta procesadora de mermelada de higo en Ixmiquilpan, Hgo. /</subfield>
    <subfield code="c">Maricruz Huerta Leonardo</subfield>
  </datafield>
  <datafield tag="264" ind1=" " ind2=" ">
    <subfield code="a">Chapingo, M&#xE9;xico :</subfield>
    <subfield code="b">El autor,</subfield>
    <subfield code="c">2003</subfield>
  </datafield>
  <datafield tag="300" ind1=" " ind2=" ">
    <subfield code="a">112 hoja :</subfield>
    <subfield code="b">ilustraciones, tablas, planos, fotograf&#xED;as</subfield>
  </datafield>
  <datafield tag="336" ind1=" " ind2=" ">
    <subfield code="2">rdacontent</subfield>
    <subfield code="a">texto</subfield>
    <subfield code="b">txt</subfield>
  </datafield>
  <datafield tag="337" ind1=" " ind2=" ">
    <subfield code="2">rdamedia</subfield>
    <subfield code="a">no mediado</subfield>
    <subfield code="b">n</subfield>
  </datafield>
  <datafield tag="338" ind1=" " ind2=" ">
    <subfield code="2">rdacarrier</subfield>
    <subfield code="a">volumen</subfield>
    <subfield code="b">nc</subfield>
  </datafield>
  <datafield tag="502" ind1=" " ind2=" ">
    <subfield code="a">Tesis</subfield>
    <subfield code="b">(Ingeniero Agroindustrial) --</subfield>
    <subfield code="c">UACh. Departamento de Ingenier&#xED;a Agroindustrial,</subfield>
    <subfield code="d">2003</subfield>
  </datafield>
  <datafield tag="504" ind1=" " ind2=" ">
    <subfield code="a">Bibliograf&#xED;a: hojas 92-93</subfield>
  </datafield>
  <datafield tag="505" ind1="0" ind2="0">
    <subfield code="a">1 plano : --
1. &#xC1;reas de la plata procesadora </subfield>
  </datafield>
  <datafield tag="520" ind1="3" ind2=" ">
    <subfield code="a">La demanda de alimentos procesados se ha incrementado enormemente con el crecimiento de la poblaci&#xF3;n en n&#xFA;cleos urbanos. Y esto se debe principalmente a un cambio completo del estilo de vida, donde las mujeres trabajan fuera de casa y no tienen tiempo para complejas preparaciones culinarias. En el estado de Hidalgo la producci&#xF3;n de higo, se concentra en el Valle del Mezquital, donde la agricultura representa la principal forma de sustento para muchas familias, es ah&#xED; donde anualmente se cosechan alrededor de 320 ton de este fruto, lo que representa e 10.43% de la producci&#xF3;n nacional. Debido a la estacionalidad en la producci&#xF3;n de higo (julio - septiembre) y la perecibilidad del mismo (con vida util de dos d&#xED;as a temperatura ambiente); se presentan problemas de comercializaci&#xF3;n donde el precio del producto baja radicalmente,(de $30.00/k a $2.50/k), a tal grado que econ&#xF3;micamente resulta inconveniente cosecharlo. Actualmente el estudio t&#xE9;cnico- econ&#xF3;mico, es un requisito imprescindible para llevar a cabo con probabilidades de &#xE9;xito un proyecto productivo. El presente trabajo, es la realizaci&#xF3;n de un estudio t&#xE9;cnico- econ&#xF3;mico para el establecimiento de una planta procesadora de mermelada de higo en Ixmiquilpan, Hgo. Con la finalidad de evitar el desperdicio de esta fruta, durante el lapso de sobreoferta y al mismo tiempo aprovechar la cosecha de &#xE9;ste fruto en la regi&#xF3;n, para crear un producto de larga vida &#xFA;til(1 a&#xF1;o) y con valor agregado. El proyecto result&#xF3; factible econ&#xF3;micamente, ya que representa una buena alternativa de inversi&#xF3;n, debido a que se obtuvo una TIR de 29.91% para la empresa y de 44.59% para el proyecto y ambos valores son superiores a la Tasa de Rentabilidad M&#xED;nima Aceptable (15%), que es la que el Banco podr&#xED;a ofrecer. Desde el punto de vista t&#xE9;cnico, social y ambiental, tambi&#xE9;n es viable. Por lo que su ejecuci&#xF3;n representa una alternativa de comercializaci&#xF3;n del higo y una buena soluci&#xF3;n al problema causado por la estacionalidad de producci&#xF3;n de tal fruto.</subfield>
  </datafield>
  <datafield tag="520" ind1="3" ind2=" ">
    <subfield code="a">The demand of processed foods has been increased enormously with the growth of the population in urban nuclei. And this must to a complete change of the life style mainly, where the women work abroad and they do not have time for complex culinaries preparations. In the state of Hidalgo the production of chumbo, is concentrated in the Valley of the Mezquital, where agriculture represents the mair sustenance form for many families, it is there where annually they are harvested around 320 ton of this fruit, which represents the 10,43% of the national production. Due to the seasonal in the production of higo (July September) and the perichable of the same one (with life utility of two daysto room temperature); problems commercialization appear where the price of the low product radically,(of $30:00/k to $2.50/k), to such degree that economically turns out inconvenient to harvest it. At the moment economic the technical study, is a requirement essential to carry out with success probabilities a productive project. The present work, is the accomplishment of economic a technical study for the establishment of a plant jam processor of chumbo in Ixmiquilpan, Hgo.With the purpose of avoiding the waste of this fruit, during the lapse of exceed supply and at the same time of taking advantage of the harvest this one fruit in the region, to create a product of long life utility (1 year) and with added value. The project was feasible economically, since it represents a good alternative of investment, because a TIR of 29,91% for the company was obtained and of 44,59% for the project and both values they are superior to the Rate of Acceptable Minimum Yield (15%), that is the one that the Bank could offer. From the technical point of view, social and environmental, also he is viable. Reason why its execution represents an alternative of commercialization of chumbo and a good solution the problem caused by the seasonal of production of such fruit.</subfield>
  </datafield>
  <datafield tag="530" ind1=" " ind2=" ">
    <subfield code="a">Disponible en PDF</subfield>
  </datafield>
  <datafield tag="650" ind1="1" ind2="3">
    <subfield code="a">Entrepreneurship</subfield>
    <subfield code="z">M&#xE9;xico</subfield>
    <subfield code="z">Hidalgo</subfield>
    <subfield code="2">atg</subfield>
  </datafield>
  <datafield tag="650" ind1="1" ind2="3">
    <subfield code="a">Figs</subfield>
    <subfield code="x">Industry and trade  </subfield>
    <subfield code="2">atg</subfield>
  </datafield>
  <datafield tag="650" ind1="1" ind2="3">
    <subfield code="a">Figs</subfield>
    <subfield code="x">Jams  </subfield>
    <subfield code="2">atg</subfield>
  </datafield>
  <datafield tag="650" ind1="1" ind2="3">
    <subfield code="a">Higos</subfield>
    <subfield code="x"> Industria y comercio  </subfield>
    <subfield code="2">atg</subfield>
  </datafield>
  <datafield tag="650" ind1="1" ind2="3">
    <subfield code="a">Higos</subfield>
    <subfield code="x">Mermeladas  </subfield>
    <subfield code="2">atg</subfield>
  </datafield>
  <datafield tag="650" ind1="1" ind2="3">
    <subfield code="a">Iniciativa empresarial</subfield>
    <subfield code="z">M&#xE9;xico</subfield>
    <subfield code="z">Hidalgo  </subfield>
    <subfield code="2">atg</subfield>
  </datafield>
  <datafield tag="700" ind1="1" ind2=" ">
    <subfield code="a">Garc&#xED;a Ch&#xE1;vez, Luis Ramiro</subfield>
    <subfield code="e">director</subfield>
  </datafield>
  <datafield tag="700" ind1="1" ind2=" ">
    <subfield code="a">Corrales Garc&#xED;a, Jos&#xE9; Joel Enrique</subfield>
    <subfield code="e">asesor</subfield>
  </datafield>
  <datafield tag="700" ind1="1" ind2=" ">
    <subfield code="a">Hern&#xE1;ndez Montes, Arturo</subfield>
    <subfield code="e">asesor</subfield>
  </datafield>
  <datafield tag="856" ind1="4" ind2="1">
    <subfield code="u">http://10.13.5.2/tesis/2003_HUERTA_LEONARDO_MARICRUZ_Tesis.pdf</subfield>
    <subfield code="y">DESCARGAR PDF</subfield>
  </datafield>
  <datafield tag="901" ind1=" " ind2=" ">
    <subfield code="a">TESIS H844 2003</subfield>
  </datafield>
  <datafield tag="902" ind1=" " ind2=" ">
    <subfield code="a">M</subfield>
  </datafield>
  <datafield tag="905" ind1=" " ind2=" ">
    <subfield code="a">5232272003                          mx nd  8223123322spa16</subfield>
  </datafield>
  <datafield tag="942" ind1=" " ind2=" ">
    <subfield code="c">TESIS</subfield>
    <subfield code="2">Clasificaci&#xF3;n Universidad Aut&#xF3;noma Chapingo</subfield>
  </datafield>
  <datafield tag="999" ind1=" " ind2=" ">
    <subfield code="c">173130</subfield>
    <subfield code="d">173130</subfield>
  </datafield>
  <datafield tag="952" ind1=" " ind2=" ">
    <subfield code="0">0</subfield>
    <subfield code="1">0</subfield>
    <subfield code="2">local</subfield>
    <subfield code="4">0</subfield>
    <subfield code="5">1</subfield>
    <subfield code="7">0</subfield>
    <subfield code="8">TESIS</subfield>
    <subfield code="a">IA_</subfield>
    <subfield code="b">IA_</subfield>
    <subfield code="d">2022-01-18</subfield>
    <subfield code="e">El autor</subfield>
    <subfield code="l">0</subfield>
    <subfield code="o">Tesis H844 2003</subfield>
    <subfield code="p">1101010057</subfield>
    <subfield code="r">2026-02-02 00:00:00</subfield>
    <subfield code="t">Ej.1</subfield>
    <subfield code="w">2022-01-18</subfield>
    <subfield code="y">TESIS</subfield>
  </datafield>
  <datafield tag="952" ind1=" " ind2=" ">
    <subfield code="0">0</subfield>
    <subfield code="1">0</subfield>
    <subfield code="2">local</subfield>
    <subfield code="4">0</subfield>
    <subfield code="7">0</subfield>
    <subfield code="8">TesDigL</subfield>
    <subfield code="a">IA_</subfield>
    <subfield code="b">IA_</subfield>
    <subfield code="c">E_L</subfield>
    <subfield code="d">2022-01-18</subfield>
    <subfield code="e">El autor</subfield>
    <subfield code="l">0</subfield>
    <subfield code="p">1201010057</subfield>
    <subfield code="r">2025-05-20 14:07:58</subfield>
    <subfield code="w">2022-01-18</subfield>
    <subfield code="y">TD</subfield>
  </datafield>
</record>
